Specification for rubber sand blast hose with braided textile reinforcement (Record no. 73872)

MARC details
000 -LEADER
fixed length control field 00385nam a2200133Ia 4500
245 #0 - TITLE STATEMENT
Title Specification for rubber sand blast hose with braided textile reinforcement
260 ## - PUBLICATION, DISTRIBUTION, ETC. (IMPRINT)
Place of publication New Delhi
260 ## - PUBLICATION, DISTRIBUTION, ETC. (IMPRINT)
Year of publication 1970
Name of publisher ISI
490 ## - SERIES STATEMENT
Series statement Hoses Sub committee, CDC 6:3
500 ## - GENERAL NOTE
General note Standard number: IS 5894
650 ## - SUBJECT ADDED ENTRY--TOPICAL TERM
Topical Term Rubber hose
942 ## - ADDED ENTRY ELEMENTS (KOHA)
Koha item type Standards
Holdings
Withdrawn status Lost status Damaged status Not for loan Home library Current library Date acquired Koha item type
      Standards RRII Library RRII Library 31/12/2021 Standards